[Event "Foment Martinenc op-A 21st"]
[Site "Barcelona"]
[Date "2019.06.01"]
[Round "6"]
[White "Hernandez Funes, Ruben"]
[Black "Pinero Fernandez, Xavier"]
[Result "0-1"]
[WhiteElo "2217"]
[BlackElo "2228"]
[PlyCount "56"]
[EventDate "2019.04.27"]
[EventType "swiss"]
[EventRounds "9"]
[EventCountry "ESP"]
[SourceTitle "EXT 2020"]
[Source "ChessBase"]
[SourceDate "2019.10.17"]
[SourceVersion "1"]
[SourceVersionDate "2019.10.17"]
[SourceQuality "1"]

1. d4 Nf6 2. c4 e6 3. Nc3 Bb4 4. f3 d5 5. a3 Be7 6. e4 c5 7. cxd5 cxd4 8. Bb5+ Bd7 9. Bxd7+ Qxd7 10. Qxd4 Nc6 11. Qc4 exd5 12. Nxd5 Nxd5 13. Qxd5 Qxd5 14. exd5 Nd4 15. Rb1 0-0-0 16. Kf2 Rxd5 17. Be3 Nf5 18. Bxa7 b6 19. Bxb6 Kb7 20. Be3 Re8 21. Bf4 g5 22. g4 gxf4 23. gxf5 Rd2+ 24. Kf1 Bh4 25. Nh3 Re3 26. Ng5 Bxg5 27. h4 Bf6 28. Rh3 h5 0-1

[Event "Barcelona Primavera La Lira op 11th"]
[Site "Barcelona"]
[Date "2018.04.12"]
[Round "1"]
[White "Hernandez Funes, Ruben"]
[Black "Cabrera Marmol, Manel"]
[Result "1-0"]
[WhiteElo "2195"]
[BlackElo "1797"]
[PlyCount "53"]
[EventDate "2018.04.12"]
[EventType "swiss"]
[EventRounds "9"]
[EventCountry "ESP"]
[SourceTitle "CBM 184 Extra"]
[Source "ChessBase"]
[SourceDate "2018.06.28"]
[SourceVersion "1"]
[SourceVersionDate "2018.06.28"]
[SourceQuality "1"]

1. d4 d5 2. c4 c6 3. Nf3 Nf6 4. Nc3 e6 5. Bg5 dxc4 6. e4 b5 7. e5 h6 8. Bh4 g5 9. Nxg5 hxg5 10. Bxg5 Nbd7 11. exf6 Bb7 12. g3 Qb6 13. Bg2 0-0-0 14. 0-0 Bh6 15. h4 Bxg5 16. hxg5 Ne5 17. Qe2 Qxd4 18. Rad1 Nd3 19. Ne4 Qe5 20. b3 Qf5 21. bxc4 Qh7 22. Rfe1 bxc4 23. Rb1 Nxe1 24. Qxe1 Qf5 25. a4 Rd7 26. Qb4 Rhd8 27. Nd6+ 1-0

[Event "Albacete op U2300 1st"]
[Site "Albacete"]
[Date "2012.05.01"]
[Round "8"]
[White "Hernandez Funes, Ruben"]
[Black "Plaza Agudo, Juan Francisco"]
[Result "1-0"]
[WhiteElo "2208"]
[BlackElo "2041"]
[PlyCount "81"]
[EventDate "2012.04.27"]
[EventType "swiss"]
[EventRounds "9"]
[EventCountry "ESP"]
[SourceTitle "EXT 2014"]
[Source "ChessBase"]
[SourceDate "2013.11.20"]
[SourceVersion "1"]
[SourceVersionDate "2013.11.20"]
[SourceQuality "1"]

1. e4 Nf6 2. e5 Nd5 3. d4 d6 4. Nf3 Bg4 5. Be2 e6 6. 0-0 Be7 7. h3 Bh5 8. c4 Nb6 9. Nc3 dxe5 10. Nxe5 Bxe2 11. Qxe2 0-0 12. Rd1 Qe8 13. Bf4 Na6 14. Rd3 f6 15. Ng4 Qf7 16. c5 e5 17. Nh6+ gxh6 18. Bxh6 Kh8 19. Bxf8 Rxf8 20. cxb6 Nb4 21. Re3 axb6 22. dxe5 fxe5 23. Rf3 Qg7 24. Rxf8+ Bxf8 25. Re1 Nc6 26. Qh5 Qf6 27. Re4 h6 28. Qe8 Qe7 29. Qxe7 Bxe7 30. Nd5 Bd6 31. Rg4 b5 32. Nf6 Ne7 33. Ne8 Nf5 34. Nxd6 Nxd6 35. Rg6 Nc4 36. b3 Nd6 37. Rxh6+ Kg8 38. Re6 e4 39. Re7 c5 40. Rd7 Nf5 41. Rxb7 1-0

[Event "Barcelona op"]
[Site "Barcelona"]
[Date "2009.12.05"]
[Round "1"]
[White "Cruz Estrada, Filemon"]
[Black "Hernandez Funes, Ruben"]
[Result "1-0"]
[WhiteElo "2415"]
[BlackElo "2168"]
[PlyCount "65"]
[EventDate "2009.12.05"]
[EventType "swiss"]
[EventRounds "9"]
[EventCountry "ESP"]
[SourceTitle "CBM 133 Extra"]
[Source "ChessBase"]
[SourceDate "2010.01.05"]
[SourceVersion "1"]
[SourceVersionDate "2010.01.05"]
[SourceQuality "1"]

1. d4 d5 2. Nf3 Nf6 3. c4 c6 4. Nc3 a6 5. c5 Bf5 6. Bf4 Nbd7 7. e3 h6 8. h3 e6 9. Be2 Be7 10. b4 Qc8 11. 0-0 0-0 12. Qb3 Re8 13. a4 Bd8 14. a5 Bc7 15. Na4 Qb8 16. Nb6 Ra7 17. Bxc7 Qxc7 18. Qb2 e5 19. dxe5 Nxe5 20. Rfd1 Nxf3+ 21. Bxf3 Qe7 22. Rd4 Be4 23. Qe2 Qe6 24. Rad1 Bxf3 25. Qxf3 Ne4 26. Qf4 f5 27. R1d3 g5 28. Qc7 Qe5 29. Qxe5 Rxe5 30. g4 Kf7 31. Kg2 fxg4 32. hxg4 Ke6 33. f4 1-0

[Event "Llinars del Valles op 3rd"]
[Site "Llinars del Valles"]
[Date "2009.05.09"]
[Round "4"]
[White "Jane Besora, Jaume"]
[Black "Hernandez Funes, Ruben"]
[Result "1/2-1/2"]
[WhiteElo "2067"]
[BlackElo "2166"]
[PlyCount "123"]
[EventDate "2009.04.18"]
[EventType "swiss"]
[EventRounds "7"]
[EventCountry "ESP"]
[SourceTitle "EXT 2011"]
[Source "ChessBase"]
[SourceDate "2010.11.26"]
[SourceVersion "1"]
[SourceVersionDate "2010.11.26"]
[SourceQuality "1"]

1. e4 c5 2. Nf3 e6 3. d4 cxd4 4. Nxd4 Nc6 5. Nc3 a6 6. g3 d6 7. Bg2 Bd7 8. Be3 Rc8 9. Nde2 b5 10. a3 Nf6 11. h3 Ne5 12. b3 Bc6 13. 0-0 Be7 14. Bc1 Qc7 15. Bb2 0-0 16. Kh2 Rfd8 17. f4 Ned7 18. Nd4 Bb7 19. Rc1 Nc5 20. Qe2 Qb8 21. Rfe1 Bf8 22. Qe3 Re8 23. b4 Ncd7 24. Nb3 Ba8 25. Nd2 e5 26. Qd3 d5 27. f5 d4 28. Ne2 Nb6 29. c3 Nc4 30. Rb1 Nxd2 31. Qxd2 Nxe4 32. Qd3 Nf2 33. Qd2 Bxg2 34. Kxg2 Ne4 35. Qd3 Qa8 36. Kg1 dxc3 37. Nxc3 Nxc3 38. Bxc3 Red8 39. Qe3 f6 40. Rbd1 a5 41. h4 axb4 42. Bxb4 Bxb4 43. axb4 Rc4 44. Qb6 Rcd4 45. Rxd4 Rxd4 46. Qxb5 h6 47. Rf1 Rg4 48. Kh2 Qa2+ 49. Kh3 Qc4 50. Qe8+ Kh7 51. Rb1 Qe4 52. Rf1 Qxb4 53. Qh5 Rd4 54. Ra1 Qb8 55. Qg6+ Kg8 56. Ra6 Kh8 57. Re6 Rd8 58. Rxf6 gxf6 59. Qxh6+ Kg8 60. Qg6+ Kf8 61. Qxf6+ Ke8 62. Qe6+ 1/2-1/2

[Event "Hospitalet op"]
[Site "Hospitalet"]
[Date "2008.12.30"]
[Round "4"]
[White "Munoz Pantoja, Miguel Angel"]
[Black "Hernandez Funes, Ruben"]
[Result "1-0"]
[WhiteElo "2480"]
[BlackElo "2148"]
[PlyCount "67"]
[EventDate "2008.12.27"]
[EventType "swiss"]
[EventRounds "9"]
[EventCountry "ESP"]
[SourceTitle "CBM 128 Extra"]
[Source "ChessBase"]
[SourceDate "2009.03.05"]
[SourceVersion "2"]
[SourceVersionDate "2009.03.25"]
[SourceQuality "1"]

1. e4 c5 2. Nf3 e6 3. d4 cxd4 4. Nxd4 Nc6 5. Nb5 d6 6. Bf4 e5 7. Be3 Nf6 8. Bg5 Be6 9. N1c3 a6 10. Bxf6 gxf6 11. Na3 Nd4 12. Nd5 f5 13. c3 fxe4 14. Ne3 Nf5 15. Nxf5 Bxf5 16. Bc4 Rc8 17. Bd5 Rc7 18. Nc4 Be6 19. Ne3 Bh6 20. Bxe6 Bxe3 21. Bd5 Bh6 22. Bxe4 0-0 23. Qd3 f5 24. Bxf5 Qf6 25. g4 Rg7 26. h4 Rxg4 27. Bxg4 Qxf2+ 28. Kd1 Qxb2 29. Rb1 Qg2 30. Be6+ Kh8 31. Bd5 Qg4+ 32. Kc2 Rf2+ 33. Kb3 b5 34. Qe4 1-0

[Event "Hospitalet op"]
[Site "Hospitalet"]
[Date "2008.12.27"]
[Round "1"]
[White "Hernandez Funes, Ruben"]
[Black "Martinez Hernandez, Emili"]
[Result "1-0"]
[WhiteElo "2148"]
[BlackElo "1875"]
[PlyCount "73"]
[EventDate "2008.12.27"]
[EventType "swiss"]
[EventRounds "9"]
[EventCountry "ESP"]
[SourceTitle "CBM 128 Extra"]
[Source "ChessBase"]
[SourceDate "2009.03.05"]
[SourceVersion "2"]
[SourceVersionDate "2009.03.25"]
[SourceQuality "1"]

1. e4 c5 2. Ne2 Nc6 3. d4 cxd4 4. Nxd4 Nf6 5. Nc3 a6 6. Nxc6 bxc6 7. e5 Ng8 8. Bd3 e6 9. 0-0 g6 10. Ne4 Be7 11. Qf3 f5 12. exf6 Nxf6 13. Bh6 Nxe4 14. Qxe4 Bf6 15. f4 Qb6+ 16. Kh1 Qxb2 17. Rae1 d5 18. Qe2 Bg7 19. Bxg7 Qxg7 20. f5 0-0 21. fxe6 Rf6 22. Rxf6 Qxf6 23. e7 Bd7 24. Bxa6 Re8 25. Qe3 Bf5 26. Qc5 Be4 27. Bd3 Rxe7 28. Rf1 Qe6 29. Qf2 Re8 30. a4 h5 31. a5 Qe7 32. a6 Ra8 33. Qb6 Bxd3 34. cxd3 Qe2 35. Rb1 Qxd3 36. a7 Rxa7 37. Qb8+ 1-0

[Event "ESP-ch U16"]
[Site "Mondariz"]
[Date "2005.07.13"]
[Round "4"]
[White "Hernandez Funes, Ruben"]
[Black "Llorente Zaro, Alfonso"]
[Result "0-1"]
[WhiteElo "2019"]
[BlackElo "2355"]
[PlyCount "50"]
[EventDate "2005.07.11"]
[EventType "swiss"]
[EventRounds "8"]
[EventCountry "ESP"]
[SourceTitle "CBM 107 Extra"]
[Source "ChessBase"]
[SourceDate "2005.09.01"]
[SourceVersion "1"]
[SourceVersionDate "2005.09.01"]
[SourceQuality "1"]

1. c4 e5 2. g3 Nf6 3. Bg2 c6 4. d4 e4 5. Nc3 Bb4 6. a3 Bxc3+ 7. bxc3 d5 8. cxd5 cxd5 9. Bg5 Nbd7 10. e3 0-0 11. Ne2 Nb6 12. 0-0 h6 13. Bxf6 Qxf6 14. Nc1 Bd7 15. Qe2 a6 16. Qa2 Rac8 17. Nb3 Na4 18. Qd2 Qb6 19. Nc5 Nxc5 20. dxc5 Qxc5 21. Bxe4 Be6 22. Bf3 Qxc3 23. Rfd1 Rfd8 24. Qxc3 Rxc3 25. Bxd5 Rxd5 0-1